01567nam a22001457a 4500008004100000020001500041050001500056100001600071245006000087260003300147300002700180500005100207505114400258650001901402140319b xxu||||| |||| 00| 0 eng d a074941541x aKD3040.L58 aLewis, Paul aLaw of employment: practice and analysis. /cPaul Lewis aLondon:bKogan Page,cc1998. axxxvii, 569 p.:c23cm. aIncludes bibliographical references and index. aContents: The System of employment law: Employment law and the UK legal system -- The European Union legal system -- The Institutions of employment law -- Industrial tribunal procedure -- The Substance of employment law: Employment status and continuity -- Race and sex discrimination -- Disability and other discrimination -- The Contract of employment: formation and sources -- Recruitment, selection and appointment -- The Contract of employment: terms, interpretation and change -- Pay--hours of work, holidays and time off -- Maternity -- Health and safety: general statutory requirements -- Health and safety: civil liability -- Wrongful and unfair dismissal -- Redundancy and unfair dismissal -- Redundancy: consultation with employee or union representatives -- Redundancy payments -- Transfers of undertakings -- Trade unions -- Collective bargaining -- Industrial action -- Protection of information and property -- Problems and perspectives: The Development and impact of employment law -- The Functioning of the industrial tribunal system -- Employment law and the European Union -- Policy issues and the employment law system. aEmployment Law